Catálogo
 En Linea

Ni Trujillos, ni Fideles : (Registro nro. 30021)

Detalles MARC
000 -CABECERA
campo de control de longitud fija 00541nam a2200157 a 4500
001 - NÚMERO DE CONTROL
campo de control 000030529
005 - FECHA Y HORA DE LA ÚLTIMA TRANSACCIÓN
campo de control 20200930062349.0
008 - DATOS DE LONGITUD FIJA--INFORMACIÓN GENERAL
campo de control de longitud fija 110523s1961 dr 000 0 spa d
040 ## - FUENTE DE LA CATALOGACIÓN
Centro catalogador/agencia de origen DO-SdBNP
Lengua de catalogación spa
Centro/agencia transcriptor BNPHU
Lengua de catalogación spa
Centro/agencia transcriptor BNPHU
049 ## - FONDOS LOCALES (OCLC)
Fondos de biblioteca BNPD
100 1# - ENTRADA PRINCIPAL--NOMBRE DE PERSONA
Nombre de persona Enríquez, Noel
9 (RLIN) 57157
245 10 - MENCIÓN DE TÍTULO
Título Ni Trujillos, ni Fideles :
Resto del título América /
Mención de responsabilidad, etc. Noel Enríquez ; prólogo Guillermo Martínez Márquez.
260 ## - PUBLICACIÓN, DISTRIBUCIÓN, ETC.
Lugar de publicación, distribución, etc. New York :
Nombre del editor, distribuidor, etc. Lectarum Corpotation Publisher,
Fecha de publicación, distribución, etc. 1961.
300 ## - DESCRIPCIÓN FÍSICA
Extensión 109 p. ;
Dimensiones 18 cm.
700 1# - PUNTO DE ACCESO ADICIONAL--NOMBRE DE PERSONA
Nombre de persona Martínez Márquez, Guillermo
Término indicativo de función/relación pról.
9 (RLIN) 57158
Existencias
Estado de retiro Estado de pérdida No para préstamo Código de colección Localización permanente Ubicación/localización actual Ubicación en estantería Fecha de adquisición Número de inventario Total de préstamos Signatura topográfica completa Código de barras Fecha visto por última vez Precio válido a partir de Tipo de ítem Koha
    Excluido de préstamo Patrimonio Dominicano Patrimonio Dominicano Patrimonio Dominicano En catalogación 23.05.2011 LF1   30529-10 25.06.2020 25.06.2020 Libro y Folleto Colección Patrimonio Dominicano

Con tecnología Koha